Tansanian naapurimaat - Statistics

Yleistilastot
  • Tätä visaa on pelattu 1 236 kertaa
  • Keskiarvotulos 7 / 8
Vastaukset kartalla
Vastauksille on annettu kartalla punavihreä väri sen mukaan, kuinka moni on saanut sen oikein.
 
Vastaustilastot
Pituus Valtio % Oikein
769 km Kenia
95%
459 km Kongon dem. tasavalta
95%
396 km Uganda
92%
756 km Mosambik
90%
217 km Ruanda
88%
338 km Sambia
88%
475 km Malawi
84%
451 km Burundi
81%
Ehtoja vastaavia visoja ei löytynyt
Tulosjakauma
Jokaisen tuloksen saaneiden osuus
Persentiili vastausten määrän mukaan
Tuloshistoriasi
Et ole pelannut tätä visaa